Property law / (Record no. 145014)
[ view plain ]
| 000 -LEADER | |
|---|---|
| fixed length control field | 00650 a2200217 4500 |
| 003 - CONTROL NUMBER IDENTIFIER | |
| control field | dpl |
| 005 - DATE AND TIME OF LATEST TRANSACTION | |
| control field | 20170919171336.0 |
| 008 - FIXED-LENGTH DATA ELEMENTS--GENERAL INFORMATION | |
| fixed length control field | 170919b xxu||||| |||| 00| 0 eng d |
| 010 ## - LIBRARY OF CONGRESS CONTROL NUMBER | |
| LC control number | ENG-120817 |
| 020 ## - INTERNATIONAL STANDARD BOOK NUMBER | |
| International Standard Book Number | 9788131252321 |
| Terms of availability | 750.00 |
| 035 ## - SYSTEM CONTROL NUMBER | |
| System control number | EN-104349 |
| 037 ## - SOURCE OF ACQUISITION | |
| Source of stock number/acquisition | DBAD / PUB |
| 040 ## - CATALOGING SOURCE | |
| Transcribing agency | - |
| 082 14 - DEWEY DECIMAL CLASSIFICATION NUMBER | |
| Classification number | 346.5404 |
| 100 1# - MAIN ENTRY--PERSONAL NAME | |
| Personal name | Pradhan Saxena, Poonam |
| 245 1# - TITLE STATEMENT | |
| Title | Property law / |
| Statement of responsibility, etc | by Poonam Pradhan Saxena |
| 260 ## - PUBLICATION, DISTRIBUTION, ETC. (IMPRINT) | |
| Place of publication, distribution, etc | Gurgaon |
| Name of publisher, distributor, etc | Lexis Nexis |
| Date of publication, distribution, etc | 2017 |
| 270 ## - ADDRESS | |
| Address | 14th Floor, Building N0-10,Tower-B DLF Cyber City Phase-II |
| City | Gurgaon |
| Postal code | 122002 |
| 300 ## - PHYSICAL DESCRIPTION | |
| Extent | cIxxxiv,682p. |
| Dimensions | 23cm (Pbk) |
| 942 ## - ADDED ENTRY ELEMENTS (KOHA) | |
| Koha item type | English Books |
| Source of classification or shelving scheme | Dewey Decimal Classification |
| Classification part | 346.5404 |
| Call number suffix | PRA |
| Withdrawn status | Lost status | Source of classification or shelving scheme | Damaged status | Not for loan | Collection code | Home library | Current library | Date acquired | Source of acquisition | Cost, normal purchase price | Total Checkouts | Full call number | Barcode | Date last seen | Copy number | Cost, replacement price | Price effective from | Koha item type |
|---|---|---|---|---|---|---|---|---|---|---|---|---|---|---|---|---|---|---|
| Dewey Decimal Classification | Not For Loan | Reference | Central Library | Central Library | 19/09/2017 | DBAD/PUB | 750.00 | 346.5404 PRA | EN-104349 | 19/09/2017 | 1 | 750.00 | 19/09/2017 | English Books |
